000 00900nam a2200265Ia 4500
003 OSt
005 20220923211456.0
006 a|||||r|||| 00| 0
007 ta
008 Pun
020 _a9789351122357 (hbk)
_c200
024 _a324,204
037 _b1007, 15/01/2018, H.K. Prakashan
_cTextual
040 _aARTS
_cARTS
_bPun
041 _2Pun
_aPun
082 _aO153,3NDHx, Q7
100 _aਢੀ੍ਵਡਸਾ, ਬਲਦੇਵ ਸਿੰਘ, ਂਚ.
245 0 _aਸੰਸਕ੍ਰਿਤੀ
260 _aਲੁਧਿਆਨਾ
_b ਚੇਤਨਾ ਪ੍ਰਕਾFਨ
_c2017
300 _a152ਪੰ
_ccm.
650 _a ਪੰਜਾਬੀ ਕਹਾਣੀ
650 _aਪੰਜਾਬੀ ਸਾਹਿਤ
942 _hO153,3NDHx, Q7
_cTEXL
_2CC
999 _c299922
_d299922